| 000 | 00000nam##2200000za#4500 |
| 001 | 9.605018 |
| 003 | CaOODSP |
| 005 | 20210624211912 |
| 007 | cr ||||||||||| |
| 008 | 150406|2007||||xxc|||||o f|0| 0 fre|d |
| 040 | |aCaOODSP|bfre |
| 043 | |an-cn--- |
| 086 | 1 |aTU3-5/07-35F-PDF |
| 110 | 2 |aBureau de la sécurité des transports du Canada. |
| 245 | 10|aAbordage en vol entre l'hélicoptère Bell 206L Long Ranger, C-GCHA exploité par Newfoundland Helicopters Ltd. Et l'hélicoptère Eurocopter AS 350 BA Astar, C-FHHH exploité par Universal Helicopters Newfoundland Ltd. à Postville (Terre-Neuve-et-Labrador), le 3 octobre 2007 |h[ressource électronique] |
| 260 | |aGatineau - Québec : |bBureau de la sécurité des transports du Canada |c[2007]. |
| 300 | |a10p. |
| 490 | 1 |aRapport d'enquête aéronautique |vA07A0118 |
| 590 | |a13-02-Supp|b2013-01-11 |
| 775 | 08|tIn-flight collision between two helicopters - Newfoundland Helicopters Ltd. Bell 206L Long Ranger, C-GCHA and Universal Helicopters Newfoundland Ltd. Eurocopter AS 350 BA Astar, C-FHHH Postville, Newfoundland and Labrador, 03 October 2007 |w(CaOODSP)9.575498 |
| 830 | #0|aRapport d'enquête aéronautique ;|vA07A0118|w(CaOODSP)9.501229 |
| 856 | 40|ahttp://publications.gc.ca|qPDF|s819 Ko|uhttps://publications.gc.ca/collections/collection_2012/bst-tsb/TU3-5-07-35-fra.pdf|yA07A0118 |